Statistiken für Auf welches Land trifft diese Aussage zu? #1

Klicken Sie hier um das Quiz zu spielen!

Allgemein

  • Dieses Quiz wurde 73 mal gespielt
  • Das Durchschnittsergebnis liegt bei 49 aus 72

Antwortstatistiken

FrageKachelSelect% Korrekt
Amtssprache ist EnglischFrankreichNein
100%
Amtssprache ist EnglischJapanNein
98%
Amtssprache ist EnglischChileNein
97%
Amtssprache ist EnglischAustralienJa
95%
Das Christentum ist vorherrschende ReligionIrakNein
92%
Das Christentum ist vorherrschende ReligionÄgyptenNein
89%
Hat eine Fläche über 100.000 km²MaltaNein
89%
Amtssprache ist EnglischBruneiNein
88%
Amtssprache ist EnglischIrlandJa
88%
Hat eine Fläche über 100.000 km²BelizeNein
86%
Das Christentum ist vorherrschende ReligionChinaNein
86%
Mindestens 10% der Bevölkerung ist älter als 65 JahreGhanaNein
86%
Hat eine längere Küstenlänge als DeutschlandChileJa
85%
Hat eine Fläche über 100.000 km²IndienJa
85%
Hat eine längere Küstenlänge als DeutschlandKanadaJa
85%
Hat mehr als 2 NachbarländerNeuseelandNein
85%
Hat LinksverkehrSpanienNein
85%
Hat LinksverkehrPolenNein
83%
Hat einen höheren Energieverbrauch als DeutschlandSimbabweNein
83%
Hat mehr als 2 NachbarländerSüdkoreaNein
83%
Hat einen höheren Energieverbrauch als DeutschlandSyrienNein
83%
Hat einen höheren Energieverbrauch als DeutschlandBeninNein
82%
Mindestens 10% der Bevölkerung ist älter als 65 JahreDeutschlandJa
82%
Das Christentum ist vorherrschende ReligionGriechenlandJa
82%
Das Christentum ist vorherrschende ReligionJapanNein
82%
Das Christentum ist vorherrschende ReligionMalaysiaNein
82%
Amtssprache ist EnglischNigerNein
82%
Hat eine längere Küstenlänge als DeutschlandNorwegenJa
82%
Hat eine längere Küstenlänge als DeutschlandSpanienJa
82%
Hat mehr als 2 NachbarländerVereinigte StaatenNein
82%
Hat einen höheren Energieverbrauch als DeutschlandChileNein
78%
Hat mehr als 2 NachbarländerIranJa
78%
Hat LinksverkehrVereinigte StaatenNein
77%
Mindestens 10% der Bevölkerung ist älter als 65 JahrePhilippinenNein
74%
Hat mehr als 2 NachbarländerBruneiNein
72%
Mindestens 10% der Bevölkerung ist älter als 65 JahreJapanJa
72%
Hat mehr als 2 NachbarländerÄgyptenJa
71%
Hat LinksverkehrAustralienJa
71%
Hat einen höheren Energieverbrauch als DeutschlandChinaJa
71%
Hat eine längere Küstenlänge als DeutschlandNiederlandeNein
71%
Hat LinksverkehrVietnamNein
71%
Hat eine Fläche über 100.000 km²SüdafrikaJa
69%
Hat eine Fläche über 100.000 km²Vereinigte Arabische EmirateNein
69%
Mindestens 10% der Bevölkerung ist älter als 65 JahreVietnamNein
68%
Hat LinksverkehrIrlandJa
66%
Hat eine Fläche über 100.000 km²PolenJa
65%
Hat eine längere Küstenlänge als DeutschlandDänemarkJa
63%
Mindestens 10% der Bevölkerung ist älter als 65 JahreItalienJa
63%
Das Christentum ist vorherrschende ReligionVenezuelaJa
63%
Hat LinksverkehrSüdafrikaJa
62%
Hat mehr als 2 NachbarländerEstlandNein
60%
Hat einen höheren Energieverbrauch als DeutschlandJapanJa
60%
Hat einen höheren Energieverbrauch als DeutschlandFrankreichNein
55%
Das Christentum ist vorherrschende ReligionElfenbeinküsteNein
52%
Hat eine längere Küstenlänge als DeutschlandPeruJa
52%
Hat eine längere Küstenlänge als DeutschlandIslandJa
51%
Hat eine Fläche über 100.000 km²BangladeschJa
48%
Amtssprache ist EnglischBelizeJa
48%
Hat LinksverkehrIndienJa
48%
Hat eine längere Küstenlänge als DeutschlandKolumbienJa
48%
Amtssprache ist EnglischBotsuanaJa
43%
Hat mehr als 2 NachbarländerEcuadorNein
43%
Hat mehr als 2 NachbarländerNiederlandeNein
42%
Hat eine Fläche über 100.000 km²GhanaJa
38%
Mindestens 10% der Bevölkerung ist älter als 65 JahreZypernJa
38%
Hat einen höheren Energieverbrauch als DeutschlandKanadaJa
32%
Hat einen höheren Energieverbrauch als DeutschlandSaudi-ArabienNein
29%
Mindestens 10% der Bevölkerung ist älter als 65 JahreSingapurJa
29%
Mindestens 10% der Bevölkerung ist älter als 65 JahreThailandJa
28%
Hat LinksverkehrKeniaJa
26%
Hat eine Fläche über 100.000 km²UruguayJa
25%
Das Christentum ist vorherrschende ReligionNiederlandeNein
6%

Verteilung der Resultate

Perzentil nach korrekt beantworteten Fragen

Anzahl Personen mit jedem Resultat

Ihre Resultats-Entwicklung

Sie haben dieses Quiz noch nicht gespielt